Adult learning: (Record no. 1031)

000 -LEADER
fixed length control field 00384nam a22001571a 4500
020 ## - INTERNATIONAL STANDARD BOOK NUMBER
ISBN 9788120716087
082 ## - DEWEY DECIMAL CLASSIFICATION NUMBER
Classification number 374
Item number GOM/A
100 ## - MAIN ENTRY--AUTHOR NAME
Personal name Gomathi Mani
245 ## - TITLE STATEMENT
Title Adult learning:
Sub Title theory & practice/
Statement of responsibility, etc by Gomathi Mani
260 ## - PUBLICATION, DISTRIBUTION, ETC. (IMPRINT)
Place of publication New Delhi:
Name of publisher Sterling,
Year of publication 1994.
300 ## - PHYSICAL DESCRIPTION
Number of Pages 228p.
650 ## - SUBJECT ADDED ENTRY--TOPICAL TERM
Topical Term Adult Education
650 ## - SUBJECT ADDED ENTRY--TOPICAL TERM
Topical Term Education
650 ## - SUBJECT ADDED ENTRY--TOPICAL TERM
Topical Term Social Sciences
942 ## - ADDED ENTRY ELEMENTS (KOHA)
Koha item type Book
Holdings
Withdrawn status Lost status Damaged status Not for loan Permanent Location Current Location Date acquired Cost, normal purchase price Full call number Accession Number Cost, replacement price Price effective from Koha item type
        Sree Sankaracharya University of Sanskrit Sree Sankaracharya University of Sanskrit 08.01.2015 295.00 374 GOM/A 015463 0.00 08.01.2015 Book